| 000 | 00471nam a2200169 4500 | ||
|---|---|---|---|
| 001 | 126060 | ||
| 003 | ES-MaACL | ||
| 005 | 20230906192740.0 | ||
| 007 | t| | ||
| 008 | 070214s1940 gw r ||||1| ger d | ||
| 100 | 1 |
_aRein, Hermann. _996021 |
|
| 245 | 1 | 0 |
_aEinführung in die Physiologie des Menschen / _cvon Hermann Rein. |
| 250 | _a3. aufl. | ||
| 260 |
_aBerlin : _bVerlag, _c1940. |
||
| 300 |
_a507 p. : _b402 il. ; _c26 cm. |
||
| 852 |
_aES-MaACL _jB-9206 _bR.18729 |
||
| 999 |
_c126060 _d126060 |
||